[Event "Druga liga Srbije grupa Vojvodina 2012"]
[Site "Kac"]
[Date "2012.10.18"]
[Round "7.1"]
[White "Laketic, Gojko"]
[Black "Cabarkapa, Novak"]
[Result "1/2-1/2"]
[WhiteElo "2435"]
[BlackElo "2244"]
[PlyCount "80"]
[EventDate "2012.10.14"]

1. Nf3 Nf6 2. c4 g6 3. Nc3 Bg7 4. e4 d6 5. d4 O-O 6. Be2 e5 7. d5 a5 8. Bg5 h6
9. Bh4 Na6 10. Nd2 Qe8 11. a3 Bd7 12. b3 Nh7 13. Rb1 h5 14. f3 Bh6 15. Bf2 Qe7
16. h4 Nc5 17. Qc2 f5 18. b4 axb4 19. axb4 Na4 20. Nd1 Nf6 21. Bd3 Bxd2+ 22.
Qxd2 fxe4 23. fxe4 Ng4 24. Bg3 c5 25. dxc6 bxc6 26. Nf2 c5 27. O-O cxb4 28.
Nxg4 Bxg4 29. Rxb4 Nc5 30. Rxf8+ Rxf8 31. Bb1 Ne6 32. Rb6 Nd4 33. c5 Qa7 34.
Ba2+ Kh7 35. Bd5 Rb8 36. Rxb8 Qxb8 37. cxd6 Ne2+ 38. Kh2 Qb6 39. Qe1 Qxd6 40.
Qf2 Qe7 1/2-1/2

[Event "Druga liga Srbije grupa Vojvodina 2012"]
[Site "Kac"]
[Date "2012.10.18"]
[Round "7.1"]
[White "Marjanusic, Vladimir"]
[Black "Kosanovic, Goran A"]
[Result "0-1"]
[WhiteElo "2266"]
[BlackElo "2363"]
[PlyCount "92"]
[EventDate "2012.10.14"]

1. e4 c5 2. Nf3 d6 3. d4 cxd4 4. Nxd4 Nf6 5. Nc3 Bd7 6. Bg5 e6 7. Ndb5 Bxb5 8.
Bxb5+ Nc6 9. Qf3 Be7 10. Bxc6+ bxc6 11. e5 Nd5 12. Bxe7 Qxe7 13. Qg3 O-O 14.
exd6 Qb7 15. O-O-O Rab8 16. b3 Qb4 17. Nxd5 Qa3+ 18. Kb1 cxd5 19. Qe5 Rb6 20.
d7 Ra6 21. Qb2 Qd6 22. h4 Qxd7 23. h5 h6 24. Rh3 Rd6 25. Rhd3 Rd8 26. f4 d4 27.
c3 Qb5 28. cxd4 Qxh5 29. Qf2 Qf5 30. Kb2 e5 31. g4 Qxf4 32. Qxf4 exf4 33. d5 g5
34. Kc3 Kg7 35. Kc4 f5 36. gxf5 Kf6 37. Kc3 Kxf5 38. b4 g4 39. a4 g3 40. b5 g2
41. a5 Rg6 42. Rg1 Ke4 43. Rd4+ Ke3 44. Re1+ Kf2 45. Rb1 f3 46. d6 g1=Q 0-1

[Event "Druga liga Srbije grupa Vojvodina 2012"]
[Site "Kac"]
[Date "2012.10.18"]
[Round "7.1"]
[White "Drazic, Sinisa"]
[Black "Mamuzic, Mirko"]
[Result "1-0"]
[WhiteElo "2511"]
[BlackElo "2248"]
[PlyCount "141"]
[EventDate "2012.10.14"]

1. e4 d5 2. exd5 Nf6 3. c4 e6 4. Nc3 exd5 5. d4 Be7 6. Nf3 O-O 7. h3 Re8 8. Be3
c6 9. Qc2 Nbd7 10. cxd5 Nxd5 11. Nxd5 cxd5 12. Bd3 Qa5+ 13. Ke2 Nf6 14. Rhc1
Bd7 15. Qb3 Ba4 16. Qxb7 Rab8 17. Qc7 Rxb2+ 18. Kf1 Bd8 19. Qd6 Bb5 20. Bxb5
Qxb5+ 21. Kg1 Ne4 22. Qc6 Qxc6 23. Rxc6 f6 24. Ne1 Rb6 25. Rc2 Nd6 26. Nd3 Nf5
27. Nf4 Rd6 28. g4 Nxe3 29. Re2 g5 30. Ng2 Bb6 31. Rxe3 Re4 32. Rae1 Rde6 33.
Rd1 Kf7 34. Red3 Re2 35. a3 Ra2 36. Ne3 Rd6 37. Rb1 Ke6 38. Nf5 Rd7 39. Kg2 Rc7
40. Re1+ Kf7 41. Nd6+ Kg6 42. Re8 h6 43. Rg8+ Kh7 44. Rf8 Kg7 45. Rd8 Rxf2+ 46.
Kxf2 Rc2+ 47. Kf1 Bxd8 48. Nf5+ Kf7 (48... Kg6 49. Re3 h5 50. Re8 Bb6 51. Re7
hxg4 52. hxg4 Rc7 53. Rxc7 Bxc7 54. Ne7+ Kf7 55. Nxd5 Bb6 56. Nxb6 axb6 57. Kf2
f5 58. gxf5) 49. Nxh6+ Ke6 50. Nf5 Kd7 51. Ke1 Ra2 52. Kd1 Bb6 53. Kc1 Re2 54.
Kd1 Ra2 55. Rc3 Rh2 56. Re3 Bd8 57. Kc1 Ra2 58. Kb1 Rd2 59. a4 Bb6 60. Re7+ Kd8
61. Re6 Kc7 (61... Bxd4 62. Rd6+ Ke8 63. Rxd5 Bc3 64. Rxd2 Bxd2 65. Nd6+) 62.
Rxf6 Bxd4 63. Rg6 Rb2+ 64. Kc1 Bc3 65. Ne3 d4 66. Nd5+ Kb7 67. Nxc3 dxc3 68.
Rxg5 Ra2 (68... Rh2) 69. Rc5 Rxa4 70. Rxc3 Ra2 71. Rg3 1-0

[Event "Druga liga Srbije grupa Vojvodina 2012"]
[Site "Kac"]
[Date "2012.10.18"]
[Round "7.1"]
[White "Milurovic, Uros"]
[Black "Tesic, Dragan"]
[Result "0-1"]
[WhiteElo "2095"]
[BlackElo "2346"]
[PlyCount "112"]
[EventDate "2012.10.14"]

1. d4 Nf6 2. Bg5 Ne4 3. Bf4 c5 4. f3 Qa5+ 5. c3 Nf6 6. Nd2 cxd4 7. Nb3 Qf5 8.
Bxb8 Rxb8 9. Qxd4 Ra8 10. e4 Qf4 11. Nh3 Qc7 12. e5 Ng8 13. Ng5 f6 14. exf6
Nxf6 15. Ne4 Nxe4 16. Qxe4 Qc6 17. Qd4 Qf6 18. Bc4 Qxd4 19. Nxd4 a6 20. a4 b6
21. O-O e6 22. Rfe1 Bc5 23. Kh1 O-O 24. Rad1 Rf4 25. Bb3 Rb8 26. Bc4 b5 27.
axb5 axb5 28. Bd3 b4 29. Ne2 Rf8 30. h3 bxc3 31. bxc3 Rb2 32. Rb1 Rd2 33. Red1
Rxd1+ 34. Rxd1 Bb7 35. Ra1 Bd5 36. Bb5 d6 37. c4 Bb7 38. Bd7 Bc8 39. Bc6 Kf7
40. Ng3 Ke7 41. Ne4 Bd4 42. Rb1 Ba6 43. Rd1 Be5 44. Bb5 Bb7 45. Nf2 g5 46. Kg1
Rc8 47. Ne4 h6 48. Re1 Ra8 49. Rd1 Ra5 50. Rb1 Ba8 51. Kf1 Ra2 52. Rd1 Bb7 53.
c5 d5 54. c6 Bc8 55. Nf2 Ra5 56. Be2 Ra1 0-1

[Event "Druga liga Srbije grupa Vojvodina 2012"]
[Site "Kac"]
[Date "2012.10.18"]
[Round "7.1"]
[White "Kovacevic, Dragisa"]
[Black "Kaszas, Viktor"]
[Result "1/2-1/2"]
[WhiteElo "2236"]
[BlackElo "2027"]
[PlyCount "99"]
[EventDate "2012.10.14"]

1. e4 c5 2. Nf3 d6 3. d4 cxd4 4. Qxd4 Nc6 5. Bb5 Bd7 6. Bxc6 Bxc6 7. Nc3 Nf6 8.
Bg5 e6 9. O-O-O Be7 10. Qd3 O-O 11. h4 Qc7 12. Nd4 Rfc8 13. Kb1 Rab8 14. f3 b5
15. Nxc6 Qxc6 16. g4 Qc7 17. Rhe1 b4 18. Nb5 Qc5 19. Nd4 Rb7 20. Be3 Qa5 21.
Nb3 Qc7 22. g5 Nd7 23. f4 a5 24. h5 a4 25. Nd2 Qc6 26. Nf3 Rbc7 27. Nd4 Qb7 28.
g6 Nc5 29. gxf7+ Kxf7 30. Qc4 b3 31. axb3 axb3 32. Bc1 bxc2+ 33. Qxc2 Qa6 34.
Qe2 Qa4 35. Qb5 Qa7 36. Bd2 Ra8 37. Bc3 Qa2+ 38. Kc2 Rb7 39. Qe2 Rab8 40. Rb1
Qa4+ 41. Kd2 e5 42. Nf3 Nb3+ 43. Ke3 Qa7+ 44. Kd3 Qa6+ 45. Ke3 Qb6+ 46. Kd3
Qb5+ 47. Ke3 Qb6+ 48. Kd3 Nc5+ 49. Kd2 Nb3+ 50. Kd3 1/2-1/2

[Event "Druga liga Srbije grupa Vojvodina 2012"]
[Site "Kac"]
[Date "2012.10.18"]
[Round "7.2"]
[White "Roganovic, Milos"]
[Black "Sertic, Rudolf"]
[Result "1-0"]
[WhiteElo "2518"]
[BlackElo "2397"]
[PlyCount "67"]
[EventDate "2012.10.14"]

1. e4 e6 2. d4 d5 3. Nd2 c5 4. exd5 exd5 5. Ngf3 Nf6 6. Bb5+ Bd7 7. Bxd7+ Nbxd7
8. O-O Be7 9. dxc5 Nxc5 10. Nd4 O-O 11. Qf3 Re8 12. c3 a5 13. Rd1 Bf8 14. Nf1
Nce4 15. Rb1 Qd7 16. Be3 b5 17. Ne2 b4 18. Bd4 Ra6 19. Qd3 Qc8 20. Ne3 Rc6 21.
Rbc1 Qa8 22. Nf4 bxc3 23. bxc3 Ba3 24. Rb1 Bd6 25. Nexd5 Nxd5 26. Nxd5 Bxh2+
27. Kf1 Rce6 28. Be3 Bd6 29. c4 Qd8 30. g4 Bc5 31. Bxc5 Nxc5 32. Qa3 Ne4 33.
Kg2 Qc8 34. Rd4 $138 1-0

[Event "Druga liga Srbije grupa Vojvodina 2012"]
[Site "Kac"]
[Date "2012.10.18"]
[Round "7.2"]
[White "Vujadinovic, Goran"]
[Black "Sipos, Istvan"]
[Result "1-0"]
[WhiteElo "2365"]
[BlackElo "2459"]
[PlyCount "65"]
[EventDate "2012.10.14"]

1. e4 e5 2. Nf3 Nc6 3. Bb5 f5 4. d3 fxe4 5. dxe4 Nf6 6. O-O Bc5 7. Bc4 d6 8.
Ng5 Bg4 9. Qd3 Qe7 10. Bf7+ Kd7 11. Bd5 Nd4 12. Nc3 c6 13. Bb3 h6 14. Nh3 Rhf8
15. Kh1 b5 16. Ng1 a5 17. a4 b4 18. Nd1 Nh5 19. Be3 Kc7 20. Bc4 Qh4 21. c3 Nf3
22. gxf3 Bxf3+ 23. Nxf3 Rxf3 24. Rg1 Raf8 25. Be6 Nf4 26. Rxg7+ Kb6 27. Qxd6
Bxe3 28. Nxe3 Rxe3 29. Qc7+ Kc5 30. Qxa5+ Kd6 31. Qc7+ Kc5 32. cxb4+ Kd4 33.
Qb6+ 1-0

[Event "Druga liga Srbije grupa Vojvodina 2012"]
[Site "Kac"]
[Date "2012.10.18"]
[Round "7.2"]
[White "Bulajic, Ratko"]
[Black "Kolognat, Petar"]
[Result "1/2-1/2"]
[WhiteElo "2331"]
[BlackElo "2267"]
[PlyCount "54"]
[EventDate "2012.10.14"]

1. d4 Nf6 2. c4 e6 3. Nf3 d5 4. g3 Be7 5. Bg2 O-O 6. Qc2 Ne4 7. O-O Nd7 8. Rd1
c6 9. Ne5 Nxe5 10. Bxe4 Ng6 11. Bg2 Bd7 12. e4 dxe4 13. Bxe4 f5 14. Bg2 Qc7 15.
c5 b6 16. cxb6 axb6 17. Nc3 Rac8 18. f4 Bf6 19. Be3 Ne7 20. Rac1 Qb7 21. Qb3
Nd5 22. Bf2 Kh8 23. Rc2 Rb8 24. Re2 Qc7 25. Rc1 Qd6 26. Rd1 Qc7 27. Rc1 Qd6
1/2-1/2

[Event "Druga liga Srbije grupa Vojvodina 2012"]
[Site "Kac"]
[Date "2012.10.18"]
[Round "7.2"]
[White "Mastrapovic, Vladimir"]
[Black "Dekic, Josip"]
[Result "1-0"]
[WhiteElo "2284"]
[BlackElo "2297"]
[PlyCount "73"]
[EventDate "2012.10.14"]

1. d4 Nf6 2. c4 g6 3. Nc3 d5 4. cxd5 Nxd5 5. e4 Nxc3 6. bxc3 Bg7 7. Be3 c5 8.
Qd2 Qa5 9. Nf3 Nc6 10. Rb1 cxd4 11. cxd4 Qxd2+ 12. Kxd2 O-O 13. d5 Rd8 14. Bd3
Na5 15. Bg5 Kf8 16. Rhc1 Bd7 17. Rc7 Ke8 18. Be3 Rdc8 19. Rxc8+ Bxc8 20. Nd4 a6
21. Rc1 Bd7 22. Rc5 b6 23. Rc2 b5 24. Nc6 Nb7 25. f4 e6 26. e5 exd5 27. Nb4 Bf5
28. Nxa6 Bxd3 29. Nc7+ Kd7 30. Kxd3 Ra3+ 31. Ke2 Na5 32. Nxb5 Ra4 33. Rc7+ Kd8
34. Bb6 Ke8 35. Ra7 Re4+ 36. Kf3 Nc4 37. Nc7+ 1-0

[Event "Druga liga Srbije grupa Vojvodina 2012"]
[Site "Kac"]
[Date "2012.10.18"]
[Round "7.2"]
[White "Strangar, Zlatko"]
[Black "Marcak, Dejan"]
[Result "1-0"]
[WhiteElo "2221"]
[BlackElo "2152"]
[PlyCount "29"]
[EventDate "2012.10.14"]

1. e4 c5 2. Nf3 e6 3. d3 d5 4. Nbd2 Nc6 5. g3 Nf6 6. Bg2 Be7 7. O-O O-O 8. e5
Nd7 9. Re1 f6 10. exf6 Bxf6 11. Bh3 Nde5 12. Nxe5 Bxe5 13. c3 Qf6 14. Qe2 Nd8
15. Qxe5 1-0

[Event "Druga liga Srbije grupa Vojvodina 2012"]
[Site "Kac"]
[Date "2012.10.18"]
[Round "7.2"]
[White "Bogic, Stevan"]
[Black "Roganovic, Nebojsa"]
[Result "1/2-1/2"]
[WhiteElo "2199"]
[BlackElo "2204"]
[PlyCount "21"]
[EventDate "2012.10.14"]

1. d4 d5 2. c4 c6 3. Nf3 Nf6 4. Nc3 g6 5. Bf4 Bg7 6. e3 O-O 7. h3 Nbd7 8. cxd5
Nxd5 9. Nxd5 cxd5 10. Qd2 Nf6 11. Bd3 1/2-1/2

[Event "Druga liga Srbije grupa Vojvodina 2012"]
[Site "Kac"]
[Date "2012.10.18"]
[Round "7.3"]
[White "Onjin, Branko"]
[Black "Popov, Stevan"]
[Result "1/2-1/2"]
[WhiteElo "2005"]
[BlackElo "2204"]
[PlyCount "87"]
[EventDate "2012.10.14"]

1. c4 e5 2. Nc3 c5 3. g3 g6 4. Bg2 Bg7 5. Nf3 Ne7 6. O-O O-O 7. Ne1 Nbc6 8. Nc2
d6 9. Ne3 Rb8 10. Ned5 a6 11. a4 h6 12. d3 Nxd5 13. Nxd5 Ne7 14. Bd2 Be6 15. e4
f5 16. f4 Bxd5 17. exd5 exf4 18. Bxf4 Bxb2 19. Rb1 Bg7 20. Re1 g5 21. Bd2 Be5
22. Rf1 Qe8 23. Qe2 Qg6 24. Kh1 Kg7 25. Rbe1 Rf7 26. Rf2 b5 27. axb5 axb5 28.
cxb5 Rxb5 29. d4 Bxd4 30. Qxb5 Bxf2 31. Bc3+ Bd4 32. Bxd4+ cxd4 33. Re6 Qh5 34.
Qd3 Ng8 35. Qxd4+ Nf6 36. Rxd6 Qg4 37. Qxg4 Nxg4 38. h3 Ne3 39. Kg1 Re7 40. Rd8
Nxg2 41. Kxg2 Re3 42. d6 Rd3 43. d7 h5 44. h4 1/2-1/2

[Event "Druga liga Srbije grupa Vojvodina 2012"]
[Site "Kac"]
[Date "2012.10.18"]
[Round "7.3"]
[White "Pezelj, Novak"]
[Black "Rajic, Dobrivoje"]
[Result "1-0"]
[WhiteElo "2310"]
[BlackElo "2105"]
[PlyCount "89"]
[EventDate "2012.10.14"]

1. e4 e5 2. Nf3 Nc6 3. d4 exd4 4. Nxd4 Qh4 5. Nb5 Bc5 6. Qe2 Nd4 7. Nxd4 Bxd4
8. c3 Bb6 9. g3 Qe7 10. Bg2 d6 11. a4 a6 12. Nd2 Nf6 13. O-O Bg4 14. Qd3 Nd7
15. Nc4 Ne5 16. Qd5 Nxc4 17. Qxc4 Qe6 18. Qd3 h5 19. a5 Ba7 20. Be3 Bxe3 21.
Qxe3 Bh3 22. Bxh3 Qxh3 23. e5 d5 24. Rad1 c6 25. Rfe1 Rh6 26. Qb6 Rb8 27. e6
Rxe6 28. Qc7 Rd8 29. Qxb7 Rdd6 30. Qxa6 h4 31. Qc8+ Ke7 32. Qc7+ Kf6 33. Qa7 d4
34. cxd4 Qg4 35. Qc5 hxg3 36. hxg3 Rd5 37. Qc3 Kg6 38. Rxe6+ fxe6 39. Re1 Rxd4
40. Qxc6 Kf7 41. a6 Ra4 42. Qd7+ Kf6 43. Rxe6+ Qxe6 44. Qxa4 Qd5 45. a7 1-0

[Event "Druga liga Srbije grupa Vojvodina 2012"]
[Site "Kac"]
[Date "2012.10.18"]
[Round "7.3"]
[White "Kovacevic, Slavko"]
[Black "Blagojevic, Srdjan"]
[Result "1-0"]
[WhiteElo "2187"]
[BlackElo "2148"]
[PlyCount "99"]
[EventDate "2012.10.14"]

1. c4 e5 2. Nc3 Nf6 3. g3 Bb4 4. Bg2 O-O 5. Nf3 Re8 6. O-O c6 7. d3 h6 8. Qb3
Na6 9. Ne4 Bf8 10. Bd2 Nc5 11. Nxf6+ Qxf6 12. Qc2 d6 13. Bc3 Bf5 14. b4 Nd7 15.
Nd2 Qe6 16. Rfe1 d5 17. e4 dxe4 18. Nxe4 Bh3 19. Bh1 Qg6 20. Qe2 f5 21. Nd2 Bd6
22. Qd1 Bc7 23. Bf3 Qf7 24. b5 Qf6 25. bxc6 bxc6 26. Rb1 Nc5 27. Nb3 Na4 28.
Ba1 Rad8 29. Qc2 Qd6 30. c5 Qe6 31. Nd2 Ba5 32. Rxe5 Qd7 33. Rxe8+ Rxe8 34. Nc4
Qe7 35. Ne3 Nxc5 36. Bxc6 Rf8 37. d4 f4 38. Nd5 Qf7 39. Nxf4 Bf5 40. Qxc5 Bb6
41. Qe5 Bc7 42. Qb5 Kh8 43. Re1 Bxf4 44. gxf4 Qg6+ 45. Kh1 a6 46. Qa4 Bc2 47.
Qc4 Bd3 48. Qe6 Qh5 49. Qe5 Qg4 50. Rg1 1-0

[Event "Druga liga Srbije grupa Vojvodina 2012"]
[Site "Kac"]
[Date "2012.10.18"]
[Round "7.3"]
[White "Banovic, Ivan"]
[Black "Zolotic, Zoran"]
[Result "0-1"]
[WhiteElo "2148"]
[BlackElo "2237"]
[PlyCount "68"]
[EventDate "2012.10.14"]

1. d4 d5 2. Nf3 Nf6 3. c4 c6 4. e3 g6 5. Nc3 Bg7 6. Bd3 O-O 7. O-O Nbd7 8. b3
Re8 9. Bb2 Nf8 10. h3 Ne6 11. b4 b6 12. Qb3 Bb7 13. Rfd1 Nf8 14. Re1 Rb8 15. e4
dxe4 16. Nxe4 Qc7 17. Rad1 Ne6 18. Ne5 Nxe4 19. Bxe4 Bxe5 20. dxe5 Red8 21. Qe3
Ba6 22. Qc1 Bc8 23. Qe3 Ba6 24. Qc1 Bb7 25. f4 c5 26. b5 Rxd1 27. Qxd1 Nxf4 28.
Qf3 Bxe4 29. Qxf4 Bf5 30. Qh6 Qb7 31. Qd2 Qd7 32. Qh6 Qd3 33. e6 f6 34. g4 Qg3+
0-1

[Event "Druga liga Srbije grupa Vojvodina 2012"]
[Site "Kac"]
[Date "2012.10.18"]
[Round "7.3"]
[White "Radanovic, Borislav"]
[Black "Matic, Radovan"]
[Result "1/2-1/2"]
[WhiteElo "2244"]
[BlackElo "2159"]
[PlyCount "88"]
[EventDate "2012.10.14"]

1. e4 e6 2. d3 d5 3. Nd2 dxe4 4. dxe4 b6 5. g3 Bb7 6. Bg2 e5 7. Ne2 Nc6 8. O-O
Nf6 9. Nc3 Nd4 10. Re1 Nd7 11. Nc4 g6 12. Nd5 Bg7 13. c3 Ne6 14. Be3 O-O 15.
Qc2 Ba6 16. Na3 c6 17. Nb4 Bb7 18. Rad1 a5 19. Nd3 Qc7 20. f4 exf4 21. Nxf4 Ba6
22. b4 axb4 23. cxb4 Be2 24. Rxe2 Rxa3 25. Nxe6 fxe6 26. Qc4 Re8 27. Bf4 Ne5
28. Bxe5 Bxe5 29. Rc2 b5 30. Qxc6 Qxc6 31. Rxc6 Rxa2 32. Bh3 Ra1 33. Rxa1 Bxa1
34. Bxe6+ Kg7 35. Rc7+ Kf6 36. Bd5 Re7 37. Rc6+ Ke5 38. Kg2 Bd4 39. Kf3 Bg1 40.
h3 Ra7 41. Rc3 Bd4 42. Rb3 Rc7 43. Kg4 Rc3 44. Rxc3 Bxc3 1/2-1/2

[Event "Druga liga Srbije grupa Vojvodina 2012"]
[Site "Kac"]
[Date "2012.10.18"]
[Round "7.4"]
[White "Dumpor, Atif"]
[Black "Indjic, Dusan"]
[Result "1/2-1/2"]
[WhiteElo "2359"]
[BlackElo "2287"]
[PlyCount "27"]
[EventDate "2012.10.14"]

1. d4 Nf6 2. Nf3 c5 3. c4 cxd4 4. Nxd4 a6 5. Nc3 e6 6. g3 d5 7. cxd5 Nxd5 8.
Bd2 e5 9. Nf3 Nc6 10. Bg2 Nxc3 11. Bxc3 Qxd1+ 12. Rxd1 f6 13. O-O Be6 14. Rd2
1/2-1/2

[Event "Druga liga Srbije grupa Vojvodina 2012"]
[Site "Kac"]
[Date "2012.10.18"]
[Round "7.4"]
[White "Petakov, Uros"]
[Black "Ratkovic, Milovan"]
[Result "1/2-1/2"]
[WhiteElo "2338"]
[BlackElo "2272"]
[PlyCount "26"]
[EventDate "2012.10.14"]

1. d4 d5 2. Nf3 c6 3. e3 Bf5 4. Bd3 Bxd3 5. Qxd3 Nf6 6. O-O Nbd7 7. Nbd2 e6 8.
c4 Be7 9. b3 O-O 10. Bb2 Rc8 11. Rac1 a5 12. a3 c5 13. Rfd1 Qb6 1/2-1/2

[Event "Druga liga Srbije grupa Vojvodina 2012"]
[Site "Kac"]
[Date "2012.10.18"]
[Round "7.4"]
[White "Kovacevic, Dragan"]
[Black "Ratkovic, Miloje"]
[Result "1/2-1/2"]
[WhiteElo "2216"]
[BlackElo "2202"]
[PlyCount "33"]
[EventDate "2012.10.14"]

1. e4 c6 2. d4 d5 3. exd5 cxd5 4. Bd3 Nc6 5. c3 Nf6 6. h3 e5 7. dxe5 Nxe5 8.
Bb5+ Bd7 9. Bxd7+ Qxd7 10. Ne2 Bc5 11. O-O O-O 12. Nd2 Rfe8 13. Nb3 Bb6 14. Ng3
Nc6 15. Bg5 Ne4 16. Nxe4 Rxe4 17. Nd2 1/2-1/2

[Event "Druga liga Srbije grupa Vojvodina 2012"]
[Site "Kac"]
[Date "2012.10.18"]
[Round "7.4"]
[White "Skoko, Milan"]
[Black "Milojevic, Dusan"]
[Result "1/2-1/2"]
[WhiteElo "2204"]
[BlackElo "2188"]
[PlyCount "98"]
[EventDate "2012.10.14"]

1. e4 c5 2. c3 Nf6 3. e5 Nd5 4. d4 cxd4 5. Nf3 Nc6 6. cxd4 d6 7. Nc3 Nxc3 8.
bxc3 Qa5 9. exd6 Bg4 10. Bd2 e5 11. Be2 e4 12. Ne5 Nxe5 13. dxe5 Bxe2 14. d7+
Kxd7 15. Qxe2 Qxe5 16. O-O f5 17. Rfd1 Ke8 18. Be3 Rc8 19. Bxa7 Bd6 20. g3 Rc6
21. Bd4 Qe7 22. Qb5 Rf8 23. Rab1 Rf7 24. f4 Kf8 25. Qa5 Kg8 26. a4 h6 27. Qd5
Kh7 28. Rb5 Rc7 29. Kg2 Rd7 30. Qb3 g5 31. Be5 Bxe5 32. Rxe5 Rxd1 33. Qxd1 Qf6
34. Qd5 gxf4 35. Re6 f3+ 36. Kf1 Qxc3 37. Rxe4 fxe4 38. Qxf7+ Qg7 39. Qf5+ Qg6
40. Qd7+ Kg8 41. Qc8+ Kg7 42. Qxb7+ Kf8 43. Qc8+ Ke7 44. Qc7+ Ke8 45. Qb8+ Kd7
46. Qb7+ Kd8 47. Qb8+ Kd7 48. Qb7+ Kd8 49. a5 Qf5 1/2-1/2

[Event "Druga liga Srbije grupa Vojvodina 2012"]
[Site "Kac"]
[Date "2012.10.18"]
[Round "7.5"]
[White "Elez, Nikola"]
[Black "Vukic, Radivoj"]
[Result "1/2-1/2"]
[WhiteElo "2207"]
[BlackElo "2351"]
[PlyCount "71"]
[EventDate "2012.10.14"]

1. e4 e5 2. Nf3 Nf6 3. Nc3 Bb4 4. Bc4 O-O 5. O-O d6 6. d3 Bxc3 7. bxc3 Bg4 8.
h3 Be6 9. Bxe6 fxe6 10. Re1 Nbd7 11. d4 Qe8 12. Qd3 d5 13. exd5 e4 14. Rxe4
Nxe4 15. Qxe4 Nf6 16. Qxe6+ Qxe6 17. dxe6 Rfe8 18. Rb1 b6 19. Bf4 Rxe6 20. c4
Re2 21. Rc1 Re7 22. Kf1 Rf8 23. Ne5 Ne4 24. Be3 c5 25. c3 Nd6 26. Ke2 Rc8 27.
Kd3 h6 28. f4 Nf7 29. g4 cxd4 30. cxd4 Rec7 31. d5 Re8 32. Bd4 g5 33. Ng6 gxf4
34. Nxf4 Ne5+ 35. Bxe5 Rxe5 36. Ng6 1/2-1/2

[Event "Druga liga Srbije grupa Vojvodina 2012"]
[Site "Kac"]
[Date "2012.10.18"]
[Round "7.5"]
[White "Remecki, Sinisa"]
[Black "Marjanovic, Dejan"]
[Result "0-1"]
[WhiteElo "2212"]
[BlackElo "2219"]
[PlyCount "62"]
[EventDate "2012.10.14"]

1. d4 g6 2. e4 c6 3. Nc3 d5 4. f3 Bg7 5. Be3 Qb6 6. Qd2 Qxb2 7. Rb1 Qa3 8. exd5
Nf6 9. dxc6 bxc6 10. Bd3 O-O 11. Nge2 Nbd7 12. O-O e5 13. Kh1 exd4 14. Bxd4 Nc5
15. Bc4 Ne6 16. Be3 Rd8 17. Qc1 Qa5 18. Ne4 Nd5 19. Bd2 Qc7 20. Qe1 Qe7 21. Qg3
a5 22. Rfe1 Ba6 23. Bxa6 Rxa6 24. c4 Nb4 25. a3 Nd3 26. Red1 Raa8 27. a4 Nb2
28. Rdc1 f5 29. Bc3 Nd3 30. Bxg7 Qxg7 31. Nd6 f4 0-1

[Event "Druga liga Srbije grupa Vojvodina 2012"]
[Site "Kac"]
[Date "2012.10.18"]
[Round "7.5"]
[White "Subotic, Srbislav"]
[Black "Titov, Ivan"]
[Result "0-1"]
[WhiteElo "2180"]
[BlackElo "2173"]
[PlyCount "104"]
[EventDate "2012.10.14"]

1. e4 c5 2. Nc3 e6 3. g3 Nc6 4. Bg2 g6 5. d3 Bg7 6. f4 d6 7. Nf3 Nge7 8. Be3
Nd4 9. O-O O-O 10. Qd2 Rb8 11. Nd1 b5 12. c3 Nxf3+ 13. Bxf3 b4 14. e5 bxc3 15.
bxc3 Bb7 16. Bxb7 Rxb7 17. exd6 Qxd6 18. Nf2 f5 19. Rab1 Rfb8 20. Rxb7 Rxb7 21.
Qc2 Nd5 22. Bd2 Qb6 23. Rc1 Qb2 24. Nd1 Qxc2 25. Rxc2 Rb1 26. Bc1 Bh6 27. Kg2
e5 28. Ne3 Rxc1 29. Rxc1 Nxe3+ 30. Kf3 exf4 31. Rb1 Nd5 32. d4 cxd4 33. Rb8+
Bf8 34. cxd4 fxg3 35. hxg3 Nb4 36. a4 Nc6 37. Ra8 Nxd4+ 38. Kf4 Nc6 39. Rc8 Nb4
40. Ke5 Kf7 41. Rc7+ Be7 42. Rd7 a6 43. Rb7 h5 44. Rd7 a5 45. Rb7 Nd3+ 46. Kd4
Nc5 47. Rb5 Nxa4 48. Rxa5 Nc5 49. Ke5 Ne4 50. Kf4 Bd6+ 51. Kf3 Bxg3 52. Ra6 Bd6
0-1

[Event "Druga liga Srbije grupa Vojvodina 2012"]
[Site "Kac"]
[Date "2012.10.18"]
[Round "7.5"]
[White "Vajdic, Nikola"]
[Black "Indjic, Stefan"]
[Result "1-0"]
[WhiteElo "2290"]
[BlackElo "2066"]
[PlyCount "83"]
[EventDate "2012.10.14"]

1. Nf3 Nf6 2. d4 c5 3. c4 g6 4. d5 d6 5. Nc3 Bg7 6. e4 O-O 7. Be2 e6 8. O-O
exd5 9. cxd5 Re8 10. Qc2 Na6 11. Nd2 Nc7 12. Re1 Rb8 13. a4 b6 14. Nc4 a6 15.
Bf4 Bf8 16. Bf3 b5 17. Nxd6 Bxd6 18. e5 Nfxd5 19. Nxd5 Nxd5 20. Bxd5 Bf5 21.
Qc3 Bf8 22. Rad1 Qb6 23. a5 Qa7 24. e6 fxe6 25. Bxb8 Qxb8 26. Bc6 Rd8 27. h3
Qc7 28. Rxd8 Qxd8 29. g4 Qg5 30. Bg2 Bg7 31. Qf3 Bc2 32. Qa8+ Bf8 33. Qxa6 Bb3
34. Re3 Bc4 35. b3 Bd5 36. Qxb5 h5 37. Qe2 Qf4 38. Bxd5 exd5 39. gxh5 Bd6 40.
Qg4 g5 41. Qxf4 gxf4 42. Re6 1-0

[Event "Druga liga Srbije grupa Vojvodina 2012"]
[Site "Kac"]
[Date "2012.10.18"]
[Round "7.5"]
[White "Gavric, Zivojin"]
[Black "Jacimovic, Zoran"]
[Result "1-0"]
[WhiteElo "2128"]
[BlackElo "2168"]
[PlyCount "97"]
[EventDate "2012.10.14"]

1. d4 d5 2. Nf3 Nf6 3. Bf4 c5 4. c3 Qb6 5. Qb3 c4 6. Qc2 g6 7. Nbd2 Bf5 8. Qc1
Nc6 9. h3 Bg7 10. g4 Be4 11. Bg2 h5 12. g5 Bxf3 13. Bxf3 Ne4 14. Nxe4 dxe4 15.
Bxe4 e5 16. dxe5 Bxe5 17. O-O O-O 18. Bxc6 Bxf4 19. Qxf4 Qxc6 20. Rfd1 Qe6 21.
Qf3 Rad8 22. Kg2 Rfe8 23. e3 Qe5 24. h4 Rd3 25. Rxd3 cxd3 26. Rd1 Rd8 27. Qxb7
d2 28. Qf3 Qb5 29. b3 Qa5 30. Qf6 Qd5+ 31. f3 Qd3 32. Kf2 Rd7 33. c4 Qc2 34.
Qa1 Rd3 35. Ke2 Rd7 36. Qb1 Qc3 37. Qe4 Kf8 38. f4 a5 39. f5 gxf5 40. Qxf5 Rd6
41. c5 Re6 42. Qd3 Qxc5 43. Rxd2 Qe5 44. Qd8+ Re8 45. Qd6+ Qxd6 46. Rxd6 Re4
47. Rd4 Re5 48. e4 Rc5 49. Rc4 1-0

[Event "Druga liga Srbije grupa Vojvodina 2012"]
[Site "Kac"]
[Date "2012.10.18"]
[Round "7.6"]
[White "Galyas, Miklos"]
[Black "Leskur, Dejan"]
[Result "1/2-1/2"]
[WhiteElo "2423"]
[BlackElo "2376"]
[PlyCount "28"]
[EventDate "2012.10.14"]

1. d4 g6 2. c4 Bg7 3. e4 c5 4. d5 d6 5. Nc3 Nf6 6. Bd3 O-O 7. h3 e6 8. Nf3 exd5
9. exd5 Re8+ 10. Be3 Nbd7 11. O-O Nh5 12. Qd2 Ne5 13. Be2 Nxf3+ 14. Bxf3 Ng3
1/2-1/2

[Event "Druga liga Srbije grupa Vojvodina 2012"]
[Site "Kac"]
[Date "2012.10.18"]
[Round "7.6"]
[White "Vlahovic, Bogdan"]
[Black "Torbica, Milos"]
[Result "1/2-1/2"]
[WhiteElo "2340"]
[BlackElo "2279"]
[PlyCount "25"]
[EventDate "2012.10.14"]

1. Nf3 d5 2. g3 Nf6 3. Bg2 c6 4. b3 Bf5 5. Bb2 h6 6. d3 e6 7. Nbd2 Be7 8. O-O
O-O 9. Qe1 a5 10. e4 Bh7 11. a4 Na6 12. e5 Nd7 13. Qe2 1/2-1/2

[Event "Druga liga Srbije grupa Vojvodina 2012"]
[Site "Kac"]
[Date "2012.10.18"]
[Round "7.6"]
[White "Kostic, Filip"]
[Black "Sekulic, Dusan"]
[Result "0-1"]
[WhiteElo "2259"]
[BlackElo "2304"]
[PlyCount "96"]
[EventDate "2012.10.14"]

1. d4 Nf6 2. Nf3 c5 3. d5 b5 4. Bg5 Qa5+ 5. c3 d6 6. Bxf6 exf6 7. e4 Be7 8. Bd3
O-O 9. h3 Nd7 10. a4 b4 11. O-O Rb8 12. Qc2 Ne5 13. Nxe5 fxe5 14. Nd2 Bg5 15.
Nf3 Bh6 16. Qb3 g6 17. c4 f5 18. Bc2 Rb7 19. Qd3 b3 20. Bd1 fxe4 21. Qxe4 Rf4
22. Qe2 Rbf7 23. Nd2 Qd8 24. Ra3 Ba6 25. Bxb3 Qh4 26. g3 Qxh3 27. gxf4 Bxf4 28.
f3 Qg3+ 29. Qg2 Be3+ 30. Kh1 Qh4+ 31. Qh2 Qxh2+ 32. Kxh2 Bxd2 33. Kg2 Rf4 34.
Ra2 g5 35. Rd1 Be3 36. Rd3 Bd4 37. Rd2 h5 38. Ra1 e4 39. fxe4 Rxe4 40. Rh1 h4
41. Ba2 Rg4+ 42. Kf1 Rf4+ 43. Ke2 Be5 44. b3 Bc8 45. Kd1 h3 46. Bb1 g4 47. Bd3
g3 48. Bf1 Bg4+ {....60} 0-1